000 00444nam a2200157 4500
001 118935
003 ES-MaACL
005 20230906191216.0
007 t|
008 070214s1923 fr r ||||1| fre d
100 1 _aPicard, Charles.
_991770
245 1 3 _aLa sculpture antique
_b: des origines a Phidias /
_cCharles Picard.
260 _aParis :
_bH. Laurens,
_c1923.
300 _a428 p. :
_bil. ;
_c25 x 17 cm.
852 _aES-MaACL
_jC-1927
999 _c118935
_d118935